| 000 | 00562nam a22001937a 4500 | ||
|---|---|---|---|
| 005 | 20210426082316.0 | ||
| 008 | 210211s1973 ||||| |||| 00| 0 eng d | ||
| 040 |
_aeng _cDLC |
||
| 041 | _aeng | ||
| 080 |
_a7 _bM-42 |
||
| 100 |
_9842 _aMaxwell, S. Gilbert |
||
| 245 |
_aNavajo Rugs / Past, Present and Future _c/ by: Best-West Publications |
||
| 260 |
_aPalm Desert, California _bBest-West Publications _c1973 |
||
| 300 |
_a72 p. _bill. |
||
| 650 | 0 |
_9447 _aArt |
|
| 653 | _aხელოვნება | ||
| 700 |
_9843 _aConrotto, L. Eugene |
||
| 942 |
_2udc _cBK |
||
| 999 |
_c1357 _d1357 |
||